00377nam a2200145Ia 4500003000500000008004100005020001800046040001900064082000700083100002500090245007100115260002500186300000800211546001200219STCL181203s9999 xx 000 0 und d a9789332518407 aSTCLbENcSTCL 222 aMazidi, Muhammad Ali 4aThe AVR Microcontroller and Embedded Systems: Using Assembly and C bPearsonaNoidac2017 a742 aEnglish